Top 30 Countries In 2023 Athletics - Statistics

General Stats
  • This quiz has been taken 1,399 times
  • The average score is 26 of 30
Answer Stats
# O.P.S F.L. Answer % Correct
1 1242.27 U United States
100%
2 1184.39 F France
99%
3 1184.00 G Germany
98%
5 1178.22 U United Kingdom
97%
6 1171.39 A Australia
95%
4 1181.89 I Italy
95%
11 1160.94 J Japan
94%
10 1164.33 R Russia
94%
8 1166.72 S Sweden
93%
18 1144.33 C China
92%
9 1165.17 S Spain
92%
13 1151.67 B Brazil
91%
15 1147.83 C Canada
91%
17 1144.89 I India
89%
12 1158.06 N Norway
89%
24 1121.33 F Finland
86%
16 1145.56 P Poland
86%
19 1133.50 P Portugal
86%
14 1148.17 N Netherlands
85%
21 1130.50 B Belgium
84%
27 1116.28 M Mexico
83%
28 1113.94 H Hungary
79%
22 1127.89 S Switzerland
79%
7 1168.72 S South Africa
78%
30 1107.67 G Greece
77%
23 1123.61 N New Zealand
77%
25 1118.78 T Turkey
77%
20 1131.29 C Czech Republic
68%
29 1110.11 C Colombia
67%
26 1116.94 B Belarus
55%
No matching quizzes found
Score Distribution
Percent of People with Each Score
Percentile by Number Answered
Your Score History
You have not taken this quiz